000 00858cam a22002771 4500
001 761918
003 ARRUPE
005 20150716175159.0
008 710406s1967 rh abc b 000 0 eng
010 _a 68092245
015 _aSANB***
040 _aDLC
_cDLC
_dDLC
043 _af-rh---
050 0 0 _aSPC HE7350.R52
_bS6
082 0 0 _a383/.49/6891
100 1 _aSmith, R. Cherer
_q(Robert Cherer),
_d1919-
_98525
245 1 0 _aRhodesia: a postal history
_b--its stamps, posts and telegraphs,
_cby R. C. Smith.
260 _aSalisbury,
_bR. C. Smith,
_c1967.
300 _a454 p.
_billus., ports., maps.
_c25 cm.
350 _aR 5.00
504 _aBibliography: p. 451.
650 0 _aPostal service
_zZimbabwe.
_918360
650 0 _aPostage stamps
_zZimbabwe.
_918361
906 _a7
_bcbc
_corignew
_du
_eopcn
_f19
_gy-gencatlg
942 _2lcc
_cMONOGRAPH
999 _c122990
_d122990